Wappen deutscher Städte #1 - Statistiken

Allgemein
  • Dieses Quiz wurde 109 mal gespielt
  • Das Durchschnittsergebnis liegt bei 13 aus 20
Antwortstatistiken
Bildquiz Antwort % Korrekt
Hamburg
100%
Berlin
96%
Bremen
94%
München
87%
Stuttgart
85%
Frankfurt am Main
77%
Köln
74%
Dortmund
69%
Leipzig
69%
Düsseldorf
67%
Dresden
64%
Hannover
59%
Essen
55%
Nürnberg
50%
Bochum
44%
Bonn
44%
Mannheim
36%
Bielefeld
35%
Duisburg
35%
Wuppertal
33%
Keine übereinstimmenden Quizze gefunden
Verteilung der Resultate
Anzahl Personen mit jedem Resultat
Perzentil nach korrekt beantworteten Fragen
Ihre Resultats-Entwicklung
Sie haben dieses Quiz noch nicht gespielt